Pages de fin (notice n° 1773321)
[ vue normale ]
| 000 -LEADER | |
|---|---|
| fixed length control field | 02168cam a2200181 4500500 |
| 005 - DATE AND TIME OF LATEST TRANSACTION | |
| control field | 20260322012515.0 |
| 041 ## - LANGUAGE CODE | |
| Language code of text/sound track or separate title | fre |
| 042 ## - AUTHENTICATION CODE | |
| Authentication code | dc |
| 100 10 - MAIN ENTRY--PERSONAL NAME | |
| Personal name | Ellouze, Faten |
| Relator term | author |
| 245 00 - TITLE STATEMENT | |
| Title | Pages de fin |
| 260 ## - PUBLICATION, DISTRIBUTION, ETC. | |
| Date of publication, distribution, etc. | 2008.<br/> |
| 500 ## - GENERAL NOTE | |
| General note | 86 |
| 520 ## - SUMMARY, ETC. | |
| Summary, etc. | Dans ce travail, on se propose de rechercher les causes des conflits conjugaux dans une population tunisienne. 116 femmes mariées représentatives de la population du grand Tunis et choisies selon la méthode des quotas. À ces 116 femmes, nous avons fait passer le test de satisfaction conjugale du lock wallace. Elles ont ensuite répondu à un questionnaire semi structuré composé de 3 parties : Des variables sociodémographiques. Des variables concernant le mariage et des variables concernant le conflit. Les finances viennent en tête avec 85% des conflits, la belle famille suit avec 69,6% des cas, les enfants sont aussi une cause importante de conflits parentaux 51,8% des cas. Dans la littérature les causes financières et la belle famille ne semblent pas avoir la même importance. Ce qui pourrait être du au meilleur niveau de vie et une structure moins conservatrice de la famille. Vu l’importance des causes de conflits dans notre pays et leurs intrications, des mesures préventives et thérapeutiques sont nécessaires pour diminuer ces conflits. |
| 520 ## - SUMMARY, ETC. | |
| Summary, etc. | The purpose of this study is to seek for marital conflicts’ causes in Tunisian population. 116 married women were selected according to quotas method. Those women respond to the lock wallace marital adjustement test. They also complétéd a questionnaire including sociodemographics, marital data and data about the conflict. Financial problems were the first conflicts’ cause (85%), familly in low was the second (69,6%) cause and disaccord about children éducation was the 3th cause (51,8%). Preventives and therapeutics strategies shoud be done to decrease conflicts’ frequency and impacts. |
| 700 10 - ADDED ENTRY--PERSONAL NAME | |
| Personal name | Cheour, Majda |
| Relator term | author |
| 786 0# - DATA SOURCE ENTRY | |
| Note | Psy Cause | 51 | 1 | 2008-01-03 | p. 55-56 | 1245-2394 |
| 856 41 - ELECTRONIC LOCATION AND ACCESS | |
| Uniform Resource Identifier | <a href="https://shs.cairn.info/revue-psy-cause-2008-1-page-55?lang=fr&redirect-ssocas=7080">https://shs.cairn.info/revue-psy-cause-2008-1-page-55?lang=fr&redirect-ssocas=7080</a> |
Pas d'exemplaire disponible.




Réseaux sociaux